000 00979nam a2200229Ia 4500
001 L520-29000
003 IT-CnALBA
008 170116s9999||||xx |||||||||||||| ||und||
040 _aIT-CnALBA
_cIT-CnALBA
041 _aITALIANO
100 _aANDERSON RUTH
245 0 _aPESCI. I SEGRETI DELLO ZODIACO. AMORE AFFARI LAVORO.
250 _a1a ed.
260 _a ABRUGHERIO, MILANO
_bPANDA LIBRI
_c1989 [1° Ed.:1989 - Ed.Ling.Originale: 1989]
300 _a90 p.
500 _aLO ZODIACO. I SEGNI DELLO ZODIACO, I PIANETI E LE CASE ASTROLOGICHE. I PESCI. E L'ASCENDENTE. RAPPORTI DEI PESCI CON GLI ALTRI SEGNI.
501 _aSocietà San Paolo EM - Piazza San Paolo, 14 - 12051 ALBA (CN) (non commercial uses only) ® Copyright 2017
520 _aLO ZODIACO. I SEGNI DELLO ZODIACO, I PIANETI E LE CASE ASTROLOGICHE. I PESCI. E L'ASCENDENTE. RAPPORTI DEI PESCI CON GLI ALTRI SEGNI.
650 _aASTRONOMIA E SCIENZE COLLEGATE
942 _cBK
957 _71
999 _a33770
_bNO
_g Copie: 1
_c287941
_d287941